La detencin̤

Detalles Bibliográficos
Autor principal: Texeira Rodrg̕uez, Xulio
Otros Autores: Gonzl̀ez Pillado , Esther
Formato: Desconocido
Lenguaje:español
Publicado: [Madrid] : Boletn̕ Oficial del Estado, 2004
Materias:
Acceso en línea:Acceso restringido

MARC

LEADER 00000ny a22000003n 4500
005 20110524124747.0
008 080617s2004 sp s 000 0 spa c
020 |a 8434015528 
035 |a 1798 
040 |a UMA.RE  |d vLex 
080 |a 343.125/.126(460)(0.034) 
090 |c 217  |d 217 
100 1 |a Texeira Rodrg̕uez, Xulio 
245 1 3 |a La detencin̤  |h [Recurso electrn̤ico]  |c Xulio Texeira Rodrg̕uez, Esther Gonzl̀ez Pillado 
256 |a Servicio en ln̕ea 
260 |a [Madrid] :  |b Boletn̕ Oficial del Estado,  |c 2004 
506 1 |a Contenido solo disponible en los productos indicados  |d vLex Global  |d vLex Global (Academic Edition, excluding Law Schools)  |d vLex Global (U.S. Academic Edition, Law Schools)  |d vLex Global (U.S. Academic Edition, excluding Law Schools)  |d vLex Global (Academic Edition, Law Schools) 
650 0 7 |a Detencin̤ del imputado  |2 Tesauro vLex 
650 0 7 |a Penal  |2 Tesauro vLex 
650 0 7 |a Imputado  |2 Tesauro vLex 
650 0 7 |a Detencin̤ preventiva  |2 Tesauro vLex 
650 0 7 |a Detencin̤ judicial  |2 Tesauro vLex 
700 1 |a Gonzl̀ez Pillado , Esther 
740 0 |a vLex Libros (Servicios en ln̕ea) 
856 4 0 |u http://vlex.com/source/1798  |z Acceso restringido 
942 |c BOOK 
999 0 |a Criminal law  |b Madrid